000 01432pab a2200193 454500
008 180718b2012 xxu||||| |||| 00| 0 eng d
100 _aRuggiero, Pasquale
245 _aTerritorial boundaries as limits: A Foucauldian analysis of the agglomeration of municipalities
260 _c2012
300 _ap.492-506.
362 _aJun
520 _aPublic management theories have focused scholars' attention on agglomeration processes between public administrations. Such processes are relevant at a local level to increase efficiency and effectiveness in the provision of public services. Scholars and practitioners have pointed out economies of scale and efficiency in the production of public services as the most important incentives for adopting agglomeration policies. All kinds of related discourse, such as that relating to economics for example, need to be coordinated in order to change the behaviour of citizens and make the agglomeration process acceptable. The present article adopts a Foucauldian approach in highlighting an additional variable/discou rse in addition to all the others used to foster agglomeration processes: the identity and culture of the communities involved in this kind of process. - Reproduced.
650 _aLocal government
700 _aMussari , Riccardo
700 _aMonfardini, Patrizio
773 _aInternational Journal of Public Administration
908 _aN
909 _a97181
999 _c97181
_d97181